000 00939nam a2200253Ia 4500
003 OSt
005 20220923211008.0
006 a|||||r|||| 00| 0
007 ta
008 220922b |||||||| |||| 00| 0 hin d
020 _a8170282934
024 _a171,297
037 _cTextual
040 _aARTS
_cARTS
_bhin
041 _2hin
_ahin
082 _aV2.P, 152N9
100 _aअब्दुल कलाम, ए पी जे; सुंदर राजन
_9156954
245 0 _aइक्कीसवीं सदी का भारत
_b नवनिर्माण की रूपरेखा
246 _aIkkīsavīan sadī kā bhārata: navanirmāṇ kī rūparekhā
260 _aदिल्ली
_b राजपाल
_c1999
300 _a303पृ.
_ccm.
942 _hV2.P, 152N9
_cTEXL
_2CC
999 _c293668
_d293668